Statistics for News Quiz of the week - week ending 12th February 2021

Click here to take the quiz!

General Stats

  • This quiz has been taken 12 times
  • The average score is 5 of 11

Answer Stats

HintAnswer% Correct
What tennis grand slam began this weekAustralian open
75%
Which country banned BBC New from broadcasting this weekChina
75%
Which US police based comedy show announced the next series would be its last this weekBrooklyn nine nine
58%
The lowest UK temperature for 25 years was recorded in Scotland but in celcius how cold was it-23
50%
Who beat spurs 5-4 in a 9 goal fa cup thriller this weekEverton
42%
What animal is celebrated in this years Chinese New yearOx
42%
Who won the superbowl 2021Tampa Bay Buccaneers
42%
Who won the Calcutta Cup this weekScotland
33%
Gina Carano has been dropped from which TV seriesMandalorian
25%
In What UK national park did a large fire occur on Thursday nightDartmoor
17%
Which holiday company is facing legal action for failing to give refunds due to coronvirus cancellationLastminute.com
8%

Score Distribution

Percentile by Number Answered

Percent of People with Each Score

Your Score History

You have not taken this quiz